Online
Catalog

Tratados morales y políticos : (Record no. 34350)

MARC details
000 -CABECERA
campo de control de longitud fija 00821nam a2200205 a 4500
001 - NÚMERO DE CONTROL
campo de control 000034859
005 - FECHA Y HORA DE LA ÚLTIMA TRANSACCIÓN
campo de control 20240523175921.0
008 - DATOS DE LONGITUD FIJA--INFORMACIÓN GENERAL
campo de control de longitud fija 111020s1971 sp 000 0 spa d
040 ## - FUENTE DE LA CATALOGACIÓN
Centro catalogador/agencia de origen DO-SdBNP
Lengua de catalogación spa
Centro/agencia transcriptor BNPHU
082 ## - NÚMERO DE LA CLASIFICACIÓN DECIMAL DEWEY
Número de clasificación 181.112
Número de documento/Ítem C748t
100 1# - ENTRADA PRINCIPAL--NOMBRE DE PERSONA
Nombre de persona Confucio
9 (RLIN) 60391
245 10 - MENCIÓN DE TÍTULO
Título Tratados morales y políticos :
Resto del título según los textos de Confucio y de sus discípulos Tseng-Chen, Tchu-Hi y otros /
Mención de responsabilidad, etc. Confucio ; versión establecida por J. Nuñez de Prado ; con unas notas prologales de Emiliano M. Aguilera.
260 ## - PUBLICACIÓN, DISTRIBUCIÓN, ETC.
Lugar de publicación, distribución, etc. Barcelona :
Nombre del editor, distribuidor, etc. Iberia,
Fecha de publicación, distribución, etc. 1971.
300 ## - DESCRIPCIÓN FÍSICA
Extensión 172 p. ;
Dimensiones 18 cm.
500 ## - NOTA GENERAL
Nota general Incluye referencias bibliográficas y notas al pie de las páginas
600 04 - PUNTO DE ACCESO ADICIONAL DE MATERIA--NOMBRE DE PERSONA
Nombre de persona CONFUCIO
9 (RLIN) 60392
650 #0 - PUNTO DE ACCESO ADICIONAL DE MATERIA--TÉRMINO DE MATERIA
Término de materia o nombre geográfico como elemento de entrada Filosofía asiática
9 (RLIN) 41706
690 #4 - PUNTO DE ACCESO ADICIONAL DE MATERIA LOCAL--TÉRMINO DE MATERIA (OCLC, RLIN)
Término de materia o nombre geográfico como elemento inicial CONFUCIONISMO
9 (RLIN) 60393
910 ## - DATOS DE OPCIÓN DEL USUARIO (OCLC)
Datos de opción del usuario Validado. Control de calidad MFF
Holdings
Estado de retiro Estado de pérdida Restricciones de uso No para préstamo Código de colección Localización permanente Ubicación/localización actual Ubicación en estantería Fecha de adquisición Número de inventario Total de préstamos Signatura topográfica completa Código de barras Fecha visto por última vez Precio válido a partir de Tipo de ítem Koha Nota pública
      Excluido de préstamo Monografías: Libros y Folletos General General Depósito 20.10.2011 LF1   181.112 C748t 34859-10 25.06.2020 25.06.2020 No se presta Perteneció a la biblioteca personal de Juan Isidro Jimenes Grullón.

Powered by Koha